Zákon č. 8/2005 Z.z. z 9. decembra 2004 o správcoch a o zmene a doplnení niektorých zákonov
Postavenie správcov, ktorí vykonávajú činnosť v konkurznom konaní, reštrukturalizačnom konaní alebo konaní o oddlžení podľa osobitného predpisu, práva a povinnosti správcov, vzdelávanie správcov, pôsobnosť MS SR vo výkone správcovskej činnosti a dohľad ministerstva nad výkonom správcovskej činnosti....
Enregistré dans:
| Format: | Chapitre de livre |
|---|---|
| Langue: | slovaque |
| Sujets: | |
| Tags: |
Pas de tags, Soyez le premier à ajouter un tag!
|
MARC
| LEADER | 00000naa$a2200000$$$4500 | ||
|---|---|---|---|
| 001 | 0026187 | ||
| 005 | 20231106071320.2 | ||
| 041 | 0 | |a slo | |
| 044 | |a SK | ||
| 245 | 1 | 0 | |a Zákon č. 8/2005 Z.z. z 9. decembra 2004 o správcoch a o zmene a doplnení niektorých zákonov |
| 520 | |a Postavenie správcov, ktorí vykonávajú činnosť v konkurznom konaní, reštrukturalizačnom konaní alebo konaní o oddlžení podľa osobitného predpisu, práva a povinnosti správcov, vzdelávanie správcov, pôsobnosť MS SR vo výkone správcovskej činnosti a dohľad ministerstva nad výkonom správcovskej činnosti. Za zákonom nasleduje dôvodová správa. | ||
| 610 | 2 | 0 | |a konkurzy |
| 610 | 2 | 0 | |a reštrukturalizácia finančná |
| 610 | 2 | 0 | |a oddlženie |
| 610 | 2 | 0 | |a správa štátna |
| 610 | 2 | 0 | |a orgány štátne |
| 610 | 2 | 0 | |a ministerstvá |
| 610 | 2 | 0 | |a zákony |
| 610 | 2 | 0 | |a Slovensko |
| 610 | 2 | 0 | |a 2004 |
| 610 | 2 | 0 | |a správy dôvodové |